000 00561nam a2200181Ia 4500
005 20250326143634.0
008 250326s9999 xx 000 0 und d
037 _aTextbook
040 _aFMSL
_beng
_cFMSL
041 _aeng
_2eng
084 _aX:89 P4
_qFMSL
100 _aSimchi-levi D
_9748306
245 0 _aManging the supply chain : definitive guide for the business professional
_cSimchi-levi D And Others
260 _aNew Delhi
_bNew Delhi, Tata McGraw-Hill
_c2004
300 _a308p
942 _cTB
_hX:89 P4
999 _c1300392
_d1300392